Spotřebitel, nebo zákazník?

Psychologický pohľad na spotrebiteľa. Poznanie osobnosti človeka a jeho význam pre poznanie spotrebného správania. Psychoanalitický prístup k osobnosti človeka. Systémy id, ego a superego. Čo ovplyvňuje spotrebné správanie. Zmyslové a kognitívne vnímanie okolia. Vnímanie ako selektívny proces. Pozor...

ver descrição completa

Na minha lista:
Detalhes bibliográficos
Autor principal: Vysekalová, Jitka
Formato: Capítulo de Livro
Idioma:tcheco
Assuntos:
Tags: Adicionar Tag
Sem tags, seja o primeiro a adicionar uma tag!

MARC

LEADER 00000naa$a2200000$$$4500
001 0056319
005 20231018130443.1
041 0 |a cze 
044 |a CZ 
245 1 0 |a Spotřebitel, nebo zákazník?  |c Jitka Vysekalová 
520 |a Psychologický pohľad na spotrebiteľa. Poznanie osobnosti človeka a jeho význam pre poznanie spotrebného správania. Psychoanalitický prístup k osobnosti človeka. Systémy id, ego a superego. Čo ovplyvňuje spotrebné správanie. Zmyslové a kognitívne vnímanie okolia. Vnímanie ako selektívny proces. Pozornosť človeka. Získanie pozornosti spotrebiteľa ako jeden z dôležitých cieľov marketingovej komunikácie. 
610 2 0 |a spotrebitelia 
610 2 0 |a zákazníci 
610 2 0 |a osobnosť 
610 2 0 |a psychológia 
610 2 0 |a správanie spotrebiteľa 
610 2 0 |a komunikácia marketingová 
100 1 |a Vysekalová, Jitka